000 00480nam a2200193 a 4500
001 1756624039848
003 ACL
005 20250831124003.0
008 250831s2001##################000#0#eng##
020 _a9780333617113
082 0 4 _a770
_bALV
100 1 _aAlvarado, Manuel,
_eauthor.
245 1 0 _aRepresentation and Photography :
260 _bPalgrave MacMillan,
_c2001.
300 _a237 pages
650 0 _aPhotography.
942 _cENGLISH
040 _aACL
_beng
_cACL
999 _c584624
_d584624